| 000 | 00854nam a2200265Ia 4500 | ||
|---|---|---|---|
| 005 | 20260121170900.0 | ||
| 008 | 008 260114s9999 xx 000 0 eng d | ||
| 020 | _a9783319988726 | ||
| 037 | _aEBOOK | ||
| 040 | _aCRL | ||
| 040 | _beng | ||
| 040 | _cCRL | ||
| 041 | _2eng | ||
| 041 | _aeng | ||
| 084 | _qCRL | ||
| 100 |
_aTania Di Mascio, Pierpaolo Vittorini, Rosella Gennari, Fernando De la Prieta, Sara RodrÃguez, Marco Temperini, Ricardo Azambuja Silveira, Elvira Popescu, Loreto Lancia _91069320 |
||
| 245 | 0 | _aMethodologies and Intelligent Systems for Technology Enhanced Learning, 8th International Conference | |
| 260 | _bSpringer | ||
| 260 | _bSpringer | ||
| 260 | _c2019 | ||
| 856 | _uhttps://link.springer.com/openurl?genre=book&isbn=978-3-319-98872-6 | ||
| 942 | _cEBOOK | ||
| 999 |
_c1635050 _d1635050 |
||